Programa Analítico de Matemáticas y Física

Gespeichert in:
Bibliographische Detailangaben
1. Verfasser: Franco R, Ramón Autor
Weitere Verfasser: Acosta, carlos Julio
Format: Buch
Erschienen: Medellin-Colombia Bedout 1961
Katalog:MANES:  Suchergebnis im Bibliothekskatalog
Schulbuchspezifische Eigenschaften:
Tags: Tag hinzufügen
Keine Tags, Fügen Sie den ersten Tag hinzu!
Geändert in:07.05.2025

MARC

LEADER 00000nam a22000007a 4500
005 20250507125448.0
008 Spa
040 |a Centro_Manes   |c Manuales Escolares U. Atlántico  
100 |9 11419  |a Franco R, Ramón  |b Autor 
245 |a Programa Analítico de Matemáticas y Física  
260 |a Medellin-Colombia   |b Bedout   |c 1961 
300 |a 180.P  |c 16x13.4cm  
500 |a este libro va dirigido a los estudiantes de primero y segundo ciclo de educación media. su objetivo es desarrollar disciplinas mental y formativa, que el alumno pueda desarrollar su imaginación . cuenta con ejercicios matemáticos y el libro se encuentra en estado físico en la universidad del Atlántico.  
546 |a Colombia  
561 |5 co-CDME  |a Colombia. Universidad del Atlántico  |k MANES 
690 0 |a MATE 
691 0 |a SE 
700 |9 22111  |a Acosta, carlos Julio  
942 |2 ddc  |c BK 
999 |c 51155  |d 51155 
999 |c manes:51155  |d 51155